| Поле | Инд. | ПП | Название | Значение |
|---|---|---|---|---|
| Тип записи | a | |||
| Библиографический уровень | b | |||
| 001 | Контрольный номер | 1a6091ed6538432ba23c6ceac3c65dba | ||
| 005 | Дата корректировки | 20200812173926.0 | ||
| 008 | Кодируемые данные | 20170331 | ||
| 040 | b | Код языка каталог. | rus | |
| e | Правила каталог. | PSBO | ||
| 041 | 0_ | a | Код языка текста | rus |
| 084 | a | Индекс другой классификации/Индекс ББК | 67.408.022.23(2Рос) | |
| 100 | 1_ | a | Автор | Егорова Т. И. |
| 245 | 10 | a | Заглавие | Вопросы гуманизации наказания в виде лишения свободы |
| 650 | 14 | a | Основная рубрика | право; уголовное право |
| 653 | 0_ | a | Ключевые слова | виды наказаний |
| a | Ключевые слова | гуманизация | ||
| a | Ключевые слова | изгнание | ||
| a | Ключевые слова | лишение свободы | ||
| a | Ключевые слова | надзор | ||
| a | Ключевые слова | неогуманизм | ||
| a | Ключевые слова | правоограничения | ||
| a | Ключевые слова | ресоциализация | ||
| a | Ключевые слова | Россия | ||
| a | Ключевые слова | самореализация | ||
| a | Ключевые слова | уголовное наказание | ||
| a | Ключевые слова | Уголовный кодекс РФ | ||
| 773 | 08 | t | Заглавие источника | Российская юстиция |
| d | Дата издания источника | 2020 | ||
| g | Прочая информация | № 2. - С. 48 - 51 | ||
| w | Контрольный № источника | bd79b8de93a941129b7f256c84795769 | ||
| 901 | t | Тип документа | b |